000 00892nam a2200217 a 4500
001 000024265
005 20240229073821.0
008 090903s2009 dr 001 0 spa d
040 _aDO-SdBNP
_bspa
_cBNPHU
082 _a348.044
_bR426p, 2008
110 1 _aRepública Dominicana.
_bSuprema Corte de Justicia
_97906
245 1 0 _aPrincipales sentencias de la Suprema Corte de Justicia :
_baño 2008 /
_cpresentación Jorge A. Subero Isa.
260 _aSanto Domingo :
_bSuprema Corte de Justicia,
_c2009.
300 _a2 v. ;
_c23 cm.
590 _aInventariado, 2018/BT
610 1 4 _aREPÚBLICA DOMINICANA
_bSUPREMA CORTE DE JUSTICIA
_97906
650 4 _aJurisprudencia
_xRecopilaciones, repertorios, etc.
_zRepública Dominicana
_919125
650 4 _aSentencias
_zRepública Dominicana
_919124
700 1 _aSubero Isa, Jorge A.,
_d1947-
_976863
910 _aValidado. Control de calidad MMOLINA
999 _c23759
_d23759